Star Wars Crawls by Any Word Quiz Stats

 Plays Quiz Updated Sep 13, 2018

Challenge
Share
Tweet
Embed
Score 0/139 Timer 05:00
4 Plays Today
Film Word % Correct
Episode IV
A New Hope
It is a period of civil war.
98.2%
Episode III
Revenge of the Sith
hostage, two Jedi Knights lead a
98.1%
Episode V
The Empire Strikes Back
It is a dark time for the
98%
Episode VIII
The Last Jedi
rebel base, the brave heroes mount a
97.9%
Episode VIII
The Last Jedi
restore a spark of hope to the fight.
97.7%
Episode VII
The Force Awakens
has discovered a clue to
97.2%
Episode IV
A New Hope
from a hidden base, have won
97.2%
Episode VII
The Force Awakens
pilot on a secret mission
97.1%
Episode I
The Phantom Menace
with a blockade of deadly
97.1%
Episode III
Revenge of the Sith
In a stunning move, the
97%
Episode VI
Return of the Jedi
begun construction on a new
97%
Episode V
The Empire Strikes Back
Starfleet, a group of freedom
97%
Episode V
The Empire Strikes Back
has established a new secret
96.9%
Episode VII
The Force Awakens
leads a brave RESISTANCE.
96.5%
Episode VI
Return of the Jedi
Luke Skywalker has returned to
95.2%
Episode IV
A New Hope
STAR, an armored space
94.3%
Episode I
The Phantom Menace
of trade routes to outlying star
94.3%
Episode VIII
The Last Jedi
Master Luke Skywalker will return and
93.7%
Episode II
Attack of the Clones
peace and order in the galaxy.
92.9%
Episode IV
A New Hope
to destroy an entire planet.
92.6%
Episode II
Attack of the Clones
number of Jedi Knights to maintain
92.5%
Episode V
The Empire Strikes Back
fighters led by Luke Skywalker
92.3%
Episode VII
The Force Awakens
Luke Skywalker has vanished.
91.7%
Episode VI
Return of the Jedi
his home planet of Tatooine in
91.4%
Episode VII
The Force Awakens
and justice to the galaxy.
91.2%
Episode II
Attack of the Clones
an ARMY OF THE REPUBLIC
90.6%
Episode VIII
The Last Jedi
Only General Leia Organa’s band of
90.4%
Episode VI
Return of the Jedi
an attempt to rescue his
90.2%
Episode VII
The Force Awakens
brother Luke and gain his
90.1%
Episode VII
The Force Awakens
the ashes of the Empire
90.1%
Episode VI
Return of the Jedi
dreaded Death Star.
89.6%
Episode VII
The Force Awakens
to Jakku, where an old ally
89.2%
Episode V
The Empire Strikes Back
Star has been destroyed,
89.1%
Episode IV
A New Hope
freedom to the galaxy....
88.9%
Episode VI
Return of the Jedi
GALACTIC EMPIRE has secretly
88.7%
Episode I
The Phantom Menace
galaxy, to settle the conflict....
88.7%
Episode VII
The Force Awakens
REPUBLIC, General Leia Organa
88.7%
Episode V
The Empire Strikes Back
Rebel forces from their hidden
88.7%
Episode VI
Return of the Jedi
to the galaxy...
88.6%
Episode VII
The Force Awakens
Skywalker, the last Jedi,
88.2%
Episode IV
A New Hope
the evil Galactic Empire.
87.3%
Episode VIII
The Last Jedi
military control of the galaxy.
87.2%
Episode VII
The Force Awakens
Leia has sent her most daring
86.6%
Episode III
Revenge of the Sith
War! The Republic is crumbling
86.5%
Episode V
The Empire Strikes Back
Rebellion. Although the Death
86.4%
Episode IV
A New Hope
During the battle, Rebel
85.7%
Episode II
Attack of the Clones
There is unrest in the Galactic
85.6%
Film Word % Correct
Episode I
The Phantom Menace
peace and justice in the
85.4%
Episode II
Attack of the Clones
Queen of Naboo, is returning
85.4%
Episode I
The Phantom Menace
systems is in dispute.
85.3%
Episode VII
The Force Awakens
She is desperate to find her
85%
Episode II
Attack of the Clones
to the Galactic Senate to vote
84.4%
Episode IV
A New Hope
ultimate weapon, the DEATH
84.2%
Episode VI
Return of the Jedi
Little does Luke know that the
83.8%
Episode IV
A New Hope
Rebel spaceships, striking
83.6%
Episode VI
Return of the Jedi
for the small band of rebels
83.5%
Episode V
The Empire Strikes Back
The evil lord Darth Vader,
82.4%
Episode I
The Phantom Menace
secretly dispatched two Jedi
82.1%
Episode IV
A New Hope
Leia races home aboard her
82%
Episode II
Attack of the Clones
intentions to leave the Republic.
81.7%
Episode VIII
The Last Jedi
the rising tyranny, certain that Jedi
81.7%
Episode VII
The Force Awakens
help in restoring peace
80.9%
Episode VI
Return of the Jedi
friend Han Solo from the
80.7%
Episode II
Attack of the Clones
Jedi....
80.3%
Episode I
The Phantom Menace
shipping to the small planet
79.8%
Episode V
The Empire Strikes Back
of Hoth.
79%
Episode III
Revenge of the Sith
Chancellor Palpatine, leader of
78.7%
Episode IV
A New Hope
plans to the Empire's
77.5%
Episode V
The Empire Strikes Back
base on the remote ice world
77.4%
Episode V
The Empire Strikes Back
base and pursued them across
77.1%
Episode V
The Empire Strikes Back
the galaxy.
77%
Episode III
Revenge of the Sith
Republic capital and kidnapped
76.8%
Episode V
The Empire Strikes Back
the far reaches of space....
76.3%
Episode I
The Phantom Menace
of Naboo.
75.8%
Episode VII
The Force Awakens
FIRST ORDER has risen from
75.4%
Episode II
Attack of the Clones
made it difficult for the limited
75.2%
Episode IV
A New Hope
spies managed to steal secret
74.5%
Episode III
Revenge of the Sith
desperate mission to rescue the
73.9%
Episode VII
The Force Awakens
In his absence, the sinister
73.6%
Episode VIII
The Last Jedi
deploys his merciless legions to seize
72.1%
Episode II
Attack of the Clones
on the critical issue of creating
71.7%
Episode VI
Return of the Jedi
clutches of the vile gangster
71.7%
Episode I
The Phantom Menace
Knights, the guardians of
71.6%
Episode I
The Phantom Menace
Federation has stopped all
71.4%
Episode V
The Empire Strikes Back
Skywalker, has dispatched
71.1%
Episode VI
Return of the Jedi
struggling to restore freedom
71%
Episode VIII
The Last Jedi
Republic, Supreme Leader Snoke now
70.9%
Episode IV
A New Hope
station with enough power
70.2%
Episode III
Revenge of the Sith
attempts to flee the besieged
69.3%
Episode VII
The Force Awakens
With the support of the
69.1%
Episode I
The Phantom Menace
Galactic Republic. The taxation
68.7%
Episode IV
A New Hope
stolen plans that can save her
68.4%
Episode III
Revenge of the Sith
Evil is everywhere.
68.3%
Episode IV
A New Hope
starship, custodian of the
68.2%
Film Word % Correct
Episode III
Revenge of the Sith
the Galactic Senate.
67.4%
Episode II
Attack of the Clones
to assist the overwhelmed
66.8%
Episode I
The Phantom Menace
Hoping to resolve the matter
66.5%
Episode II
Attack of the Clones
under the leadership of the
65.4%
Episode V
The Empire Strikes Back
thousands of remote probes into
65.4%
Episode IV
A New Hope
their first victory against
65.4%
Episode VI
Return of the Jedi
armored space station even
64.5%
Episode IV
A New Hope
people and restore
64.1%
Episode II
Attack of the Clones
systems have declared their
64%
Episode I
The Phantom Menace
this alarming chain of events,
63.9%
Episode VIII
The Last Jedi
As the First Order speeds toward the
63.6%
Episode I
The Phantom Menace
While the Congress of the
62.9%
Episode VII
The Force Awakens
and will not rest until
62.6%
Episode III
Revenge of the Sith
Sith Lord, Count Dooku.
62.2%
Episode VIII
The Last Jedi
But the Resistance has been exposed.
62%
Episode III
Revenge of the Sith
fiendish droid leader, General
61.1%
Episode III
Revenge of the Sith
Grievous, has swept into the
61%
Episode II
Attack of the Clones
mysterious Count Dooku, has
60.9%
Episode II
Attack of the Clones
Senate. Several thousand solar
60.9%
Episode III
Revenge of the Sith
There are heroes on both sides.
60.8%
Episode I
The Phantom Menace
the Supreme Chancellor has
60.7%
Episode VI
Return of the Jedi
Jabba the Hutt.
60.5%
Episode III
Revenge of the Sith
As the Separatist Droid Army
60.2%
Episode VI
Return of the Jedi
more powerful than the first
58.7%
Episode I
The Phantom Menace
Republic endlessly debates
57.9%
Episode III
Revenge of the Sith
capital with their valuable
53.7%
Episode VIII
The Last Jedi
The FIRST ORDER reigns.
53.5%
Episode VIII
The Last Jedi
RESISTANCE fighters stand against
50.7%
Episode VII
The Force Awakens
has been destroyed.
49.8%
Episode I
The Phantom Menace
battleships, the greedy Trade
49.4%
Episode IV
A New Hope
sinister agents, Princess
48.9%
Episode I
The Phantom Menace
Turmoil has engulfed the
48.3%
Episode V
The Empire Strikes Back
obsessed with finding young
46.4%
Episode VI
Return of the Jedi
weapon will spell certain doom
44.6%
Episode V
The Empire Strikes Back
Imperial troops have driven the
43.1%
Episode II
Attack of the Clones
Senator Amidala, the former
41%
Episode VI
Return of the Jedi
When completed, this ultimate
39.8%
Episode III
Revenge of the Sith
under attacks by the ruthless
39.7%
Episode III
Revenge of the Sith
captive Chancellor....
36.1%
Episode II
Attack of the Clones
This separatist movement,
33.7%
Episode IV
A New Hope
Pursued by the Empire's
32.1%
Episode V
The Empire Strikes Back
Evading the dreaded Imperial
26.3%
Episode VII
The Force Awakens
Luke's whereabouts....
24.5%
Episode VIII
The Last Jedi
desperate escape....
22.2%
Episode VIII
The Last Jedi
Having decimated the peaceful
8.7%

You're not logged in!

Compare scores with friends on all Sporcle quizzes.
OR
Log In

You Might Also Like...

Show Comments

Extras

Top Quizzes Today


Score Distribution

Your Account Isn't Verified!

In order to create a playlist on Sporcle, you need to verify the email address you used during registration. Go to your Sporcle Settings to finish the process.

Report this User

Report this user for behavior that violates our Community Guidelines.

Details: